000 00816nam a22002057a 4500
999 _c3733
_d3733
003 Nust
005 20180117090012.0
008 161129b xxu||||| |||| 00| 0 eng d
020 _a9789339220136
040 _a0
_c0
082 _a657
100 _aJan R. William et all
245 _aSolution manual to accompany financial and managerial accounting the basis for business decisions
250 _a13th
260 _aNew Delhi
_bMcGraw Hill
_c2013
300 _avarious paging
942 _cBK
_2ddc